A course module for the contemporary world / Nephtaly Joel B. Botor [and four others]. (Record no. 20478)

000 -LEADER
fixed length control field 00522nam a22001577a 4500
020 ## - INTERNATIONAL STANDARD BOOK NUMBER
ISBN 9786210404319
082 ## - DEWEY DECIMAL CLASSIFICATION NUMBER
Classification number 361
Item number B7496 2020
100 ## - MAIN ENTRY--AUTHOR NAME
Personal name Botor, Nephtaly Joel B., author.
245 ## - TITLE STATEMENT
Title A course module for the contemporary world / Nephtaly Joel B. Botor [and four others].
260 ## - PUBLICATION, DISTRIBUTION, ETC. (IMPRINT)
Place of publication Manila :
Name of publisher Rex Book Store,
Year of publication ©2020.
300 ## - PHYSICAL DESCRIPTION
Number of Pages vi, 305 pages :
Other physical details illustrations ; 26 cm.
500 ## - GENERAL NOTE
General note Includes bibliographical references and index.
650 ## - SUBJECT ADDED ENTRY--TOPICAL TERM
Topical Term Gloablization.
650 ## - SUBJECT ADDED ENTRY--TOPICAL TERM
Topical Term World economics.
942 ## - ADDED ENTRY ELEMENTS (KOHA)
Koha item type Books
Holdings
Source of acquisition Permanent Location Date acquired Koha item type Collection code Accession Number Lost status Shelving location Withdrawn status Current Location Full call number
SchoolCagayan State University - Carig Library2025-05-20BooksSocial Sciences010788 General Collection Cagayan State University - Carig Library361 B7496 2020
SchoolCagayan State University - Carig Library2025-05-20BooksSocial Sciences010789 General Collection Cagayan State University - Carig Library361 B7496 2020
SchoolCagayan State University - Carig Library2025-05-20BooksSocial Sciences010790 General Collection Cagayan State University - Carig Library361 B7496 2020

Cagayan State University University Library, Carig Campus
Tuguegarao City, Cagayan 3500 | www.csucarig.edu.ph

Powered by Koha